Dinero, comercio internacional y crecimiento económico / (Record no. 177458)

MARC details
000 -LEADER
campo de control de longitud fija 00865nam a22002535i 4500
001 - NÚMERO DE CONTROL
campo de control 177458
003 - IDENTIFICADOR DE NÚMERO DE CONTROL
campo de control ES-MaACL
005 - FECHA Y HORA DE LA ÚLTIMA TRANSACCIÓN
campo de control 20250901105435.0
008 - DATOS DE LONGITUD FIJA--INFORMACIÓN GENERAL
campo de control de longitud fija 110324s1965 sp |||| | spa d
080 ## - NÚMERO DE LA CLASIFICACIÓN DECIMAL UNIVERSAL
Número de la Clasificación Decimal Universal 330.35
080 ## - NÚMERO DE LA CLASIFICACIÓN DECIMAL UNIVERSAL
Número de la Clasificación Decimal Universal 339.5
100 0# - ENTRADA PRINCIPAL--NOMBRE DE PERSONA
Nombre de persona Johnson, Harry G.
9 (RLIN) 66744
245 10 - MENCIÓN DEL TÍTULO
Título Dinero, comercio internacional y crecimiento económico /
Mención de responsabilidad, etc. Harry G. Johnson ; [versión española realizada por José Ramón Rendueles].
260 ## - PUBLICACIÓN, DISTRIBUCIÓN, ETC.
Lugar de publicación, distribución, etc. Madrid [etc.] :
Nombre del editor, distribuidor, etc. Rialp,
Fecha de publicación, distribución, etc. imp. 1965.
300 ## - DESCRIPCIÓN FÍSICA
Extensión 220 p. ;
Dimensiones 25 cm.
490 1# - MENCIÓN DE SERIE
Mención de serie Libros de economía ;
Designación de volumen o secuencia 5
504 ## - NOTA DE BIBLIOGRAFÍA, ETC.
Nota de bibliografía, etc. Bibliografía.
650 #4 - PUNTO DE ACCESO ADICIONAL DE MATERIA--TÉRMINO DE MATERIA
Término de materia o nombre geográfico como elemento de entrada Desarrollo económico.
9 (RLIN) 153584
650 07 - PUNTO DE ACCESO ADICIONAL DE MATERIA--TÉRMINO DE MATERIA
Término de materia o nombre geográfico como elemento de entrada Comercio exterior
Fuente del encabezamiento o término embne
9 (RLIN) 11168
700 1# - ENTRADA AGREGADA--NOMBRE PERSONAL
Nombre de persona Rendueles, Ramón.
9 (RLIN) 145857
830 00 - PUNTO DE ACCESO ADICIONAL DE SERIE-TÍTULO UNIFORME
Título uniforme Libros de economía (Rialp)
Designación de volumen o secuencia 5
9 (RLIN) 186981
852 ## - LOCALIZACIÓN
Ubicación ES-MaACL
Número de control de estantería E-14715
Encuadernación Olim P-527-bis
Holdings
Estatus retirado Estado de pérdida Estado de daño No para préstamo Biblioteca de origen Biblioteca actual Ubicación en estantería Fecha de adquisición Fuente de adquisición Total de préstamos Signatura topográfica completa Código de barras Visto por última vez Precio de reemplazo Tipo de ítem Koha
        Biblioteca del Ateneo de Madrid Biblioteca del Ateneo de Madrid Depósito 2 24/03/2011     E-14715 1186383 23/02/2023 23/02/2023 Libro impreso